000 01249nam a2200325 a 4500
001 ebr10330169
003 CaPaEBR
006 m u
007 cr cn|||||||||
008 050603s2005 onca sb 001 0 eng
010 _z 2005275615
016 _z20059003197
020 _z0470835176
024 3 _z978470835176
040 _aCaPaEBR
_cCaPaEBR
035 _a(OCoLC)243596461
050 1 4 _aHM1126
_b.F87 2005eb
082 0 4 _a303.6/9
_222
100 1 _aFurlong, Gary T.
245 1 4 _aThe conflict resolution toolbox
_h[electronic resource] :
_bmodels & maps for analyzing, diagnosing, and resolving conflict /
_cGary T. Furlong.
260 _aMississauga, Ont. :
_bJ. Wiley & Sons Canada,
_cc2005.
300 _axiii, 256 p. :
_bill.
504 _aIncludes bibliographical references and index.
533 _aElectronic reproduction.
_bPalo Alto, Calif. :
_cebrary,
_d2013.
_nAvailable via World Wide Web.
_nAccess may be limited to ebrary affiliated libraries.
650 0 _aConflict management.
650 0 _aMediation.
655 7 _aElectronic books.
_2local
710 2 _aebrary, Inc.
856 4 0 _uhttp://site.ebrary.com/lib/rucke/Doc?id=10330169
_zAn electronic book accessible through the World Wide Web; click to view
999 _c50670
_d50670